Missing Word: Public or Private Quiz Stats

Quiz Updated Nov 8, 2017

Challenge
Share
Tweet
Embed
Score 0/20 Timer 05:00
0 Plays Today
Hint Missing Word % Correct
Private ____Investigator
94.3%
Public ____Transit
93.7%
Public ____ of Affection (PDA)Display
91.1%
____ Public Accountant (CPA)Certified
84.1%
Public ____ (PR)Relations
83.6%
Private ____Plane
83%
Private First ____ (PFC)Class
82.5%
____ Q. PublicJohn
80.8%
Public ____Enemy
79.2%
National Public ____, Inc.Radio
76.2%
Hint Missing Word % Correct
Private ____Benjamin
69.4%
Private ____Practice
69.1%
____ Public Offering (IPO)Initial
67.2%
Public ____ Administration (PWA)Works
65.3%
Public ____Domain
65.2%
Private ____Parts
63.7%
Public ____ Office (PCO)Call
59.5%
My Own Private _____Idaho
59%
Public ____ Office (PRO)Record
53.3%
Private Branch ____ (PBX)Exchange
51.1%

Today's Daily Dose

Missing Word
NPR Programs

Quick Pick
1991 Events

On This Day
June 18th II

You're not logged in!

Compare scores with friends on all Sporcle quizzes.
Join for Free
OR
Log In

You Might Also Like...

Show Comments

Extras

Top Quizzes Today


Score Distribution

Your Account Isn't Verified!

In order to create a playlist on Sporcle, you need to verify the email address you used during registration. Go to your Sporcle Settings to finish the process.

Report this User

Report this user for behavior that violates our Community Guidelines.

Details: